2022 World Rugby 15s Team of the Year - Statistics

General Stats
  • This quiz has been taken 12 times
  • The average score is 12 of 15
Answer Stats
Position Country Answer % Correct
Scrum Half France Antoine Dupont
100%
Centre South Africa Damian de Allende
100%
Fly Half Ireland Johnny Sextion
100%
Hooker South Africa Malcolm Marx
100%
Prop Ireland Tadgh Furlong
100%
Wing New Zealand Will Jordan
100%
Centre South Africa Lukhanyo Am
91%
Prop England Ellis Genge
82%
Flanker Argentina Pablo Matera
82%
Lock New Zealand Sam Whitelock
82%
Lock Ireland Tadgh Beirne
73%
Number 8 France Gregory Alldritt
55%
Flanker Ireland Josh van der Flier
55%
Wing Australia Marika Koroibete
36%
Fullback England Freddie Stewart
27%
No matching quizzes found
Score Distribution
Percent of People with Each Score
Percentile by Number Answered
Your Score History
You have not taken this quiz